01010cam a2200265 a 4500001000500000005001700005020002500022040002300047050001500070082001400085100002500099245005800124250001900182260004600201300005800247505000800305520009800313521002000411521002000431650007600451650006400527650006600591650007400657700001300731379120240507151852.0 a9780061703966 (pbk.) aDLCcDLCdDLCbeng00aE901.1.O2300a328.730921 aWinter, Jonahd1962-10aBarack /cby Jonah Winter ; illustrated by A.G. Ford. aFirst edition  aNew York :bKatherine Tegen Books,c2008. a30 unnumbered pages : bcolor illustrations ;c29 cm. aX  aA picture book biography of African-American senator and presidential candidate Barack Obama. a890 bLexile  aX bRaz-Plus  0aPresidential candidateszUnited StatesvBiographyvJuvenile literature. 0aLegislatorszUnited StatesvBiographyvJuvenile literature. 0aAfrican American legislatorsvBiographyvJuvenile literature. 0aRacially mixed peoplezUnited StatesvBiographyvJuvenile literature.1 aFord, AG